Top baby girl names 2020 - Statistics

General Stats
  • This quiz has been taken 290 times
  • The average score is 20 of 50
Answer Stats
Rank First letter Answer % Correct
2 O Olivia
94%
48 E Emma
81%
7 A Ava
77%
21 I Isabella
76%
41 M Mia
76%
6 C Charlotte
74%
12 A Amelia
73%
36 E Elizabeth
69%
37 A Anna
67%
5 I Isla
66%
18 I Ivy
59%
39 C Chloe
58%
8 E Evelyn
57%
33 A Aria
56%
28 L Lucy
56%
19 A Alice
55%
26 V Violet
54%
16 M Maya
52%
1 L Luna
48%
20 I Iris
47%
11 E Eleanor
46%
34 N Nora
46%
32 P Penelope
42%
24 R Rose
42%
29 A Audrey
37%
9 O Ophelia
36%
27 C Clara
35%
31 F Freya
35%
30 A Ada
32%
47 C Claire
32%
3 A Aurora
31%
10 E Eloise
28%
17 H Hazel
28%
35 E Esme
26%
13 C Cora
23%
44 I Imogen
22%
49 J Jane
21%
40 A Arabella
20%
43 E Evangeline
17%
22 A Adelaide
16%
46 M Maisie
16%
42 A Adeline
15%
14 G Genevieve
13%
38 A Anastasia
10%
4 M Maeve
10%
23 A Amara
8%
25 E Elodie
7%
15 A Aurelia
6%
45 A Astrid
5%
50 L Lilith
5%
No matching quizzes found
Score Distribution
Percent of People with Each Score
Percentile by Number Answered
Your Score History
You have not taken this quiz